Business history of shipping : strategy and structure : the International Conference on Business History 11 : proceedings of the Fuji conference

Đã lưu trong:
书目详细资料
格式: 图书
语言:Undetermined
出版: Tokyo University of Tokyo Press 1985
主题:
标签: 添加标签
没有标签, 成为第一个标记此记录!
Thư viện lưu trữ: Trung tâm Học liệu Trường Đại học Cần Thơ
LEADER 00666nam a2200193Ia 4500
001 CTU_85740
008 210402s9999 xx 000 0 und d
082 |a 387.5 
082 |b I.61 
245 0 |a Business history of shipping : 
245 0 |b strategy and structure : the International Conference on Business History 11 : proceedings of the Fuji conference 
245 0 |c International Conference on Business History; edited by Tsunehiko Yui, Keiichiro Nakagawa 
260 |a Tokyo 
260 |b University of Tokyo Press 
260 |c 1985 
650 |a Shipping 
650 |x History 
904 |i Năm 
980 |a Trung tâm Học liệu Trường Đại học Cần Thơ